| 000 | 00668nam a2200205 u 4500 | ||
|---|---|---|---|
| 005 | 20210223132354.0 | ||
| 008 | 140528s2004 r 000 0 eng d | ||
| 020 | _a9789685981002 | ||
| 035 | _aUPN01000197613 | ||
| 049 | _aCG | ||
| 050 | 4 |
_aPR2827 _bA6.8 |
|
| 245 | 0 | 0 |
_aApuntes sobre el sueño de una noche de verano / _ced. tr., y notas de Martín Casillas. |
| 260 |
_aMéxico : _bEl globo rojo, _c2004. |
||
| 300 | _a105 p. | ||
| 440 | 0 |
_aCuadernos del taller de lectura de Shakespeare ; _v1 |
|
| 600 | 1 | 4 |
_aSHAKESPEARE, WILLIAM, _d1564-1616. _tSUEÑO DE UNA NOCHE DE VERANO _923458 |
| 700 | 1 |
_aCasillas, Martín, _eed. |
|
| 905 | _aLibro | ||
| 999 |
_c169714 _d169714 |
||